| 000 | 00552nam a2200205 i 4500 | ||
|---|---|---|---|
| 001 | 51365 | ||
| 003 | ES-MaACL | ||
| 005 | 20230906162338.0 | ||
| 007 | t| | ||
| 008 | 030812s1974 sp |||| |dspa d | ||
| 080 | _a929 Papillon | ||
| 080 | _a840-94"19" | ||
| 100 | 1 |
_aCharrière, Henri. _938124 |
|
| 245 | 1 | 0 |
_aBanco / _cHenri Charrière ; [traducción de Ramón Izabal]. |
| 250 | _a1ª ed. | ||
| 260 |
_a[Barcelona] : _bPlaza & Janés, _c1974. |
||
| 300 |
_a438 p. ; _c18 cm. |
||
| 700 | 1 |
_aIzabal, Ramón. _965674 |
|
| 852 |
_aES-MaACL _jE-6763 |
||
| 999 |
_c51365 _d51365 |
||